Diagnostics And Failure Prevention Turbo-Machines / (Record no. 33715)

000 -LEADER
fixed length control field 00441nam a22001697a 4500
003 - CONTROL NUMBER IDENTIFIER
control field NUST
020 ## - INTERNATIONAL STANDARD BOOK NUMBER
International Standard Book Number 9788122438147
038 ## - RECORD CONTENT LICENSOR
Staff Name khadija
082 ## - DEWEY DECIMAL CLASSIFICATION NUMBER
Classification number 621.816
Author Mark RAN
100 ## - MAIN ENTRY--PERSONAL NAME
Personal name Rangwala, A S
9 (RLIN) 83694
245 ## - TITLE STATEMENT
Title Diagnostics And Failure Prevention Turbo-Machines /
Statement of responsibility, etc. A S Rangwala
260 ## - PUBLICATION, DISTRIBUTION, ETC.
Place of publication, distribution, etc. New Delhi :
Name of publisher, distributor, etc. New Age Publisher,
Date of publication, distribution, etc. 2015.
300 ## - PHYSICAL DESCRIPTION
Extent 331 p. ;
Other physical details 25 cm.
500 ## - GENERAL NOTE
General note Hardcover.
563 ## - BINDING INFORMATION
Binding note hardcover
942 ## - ADDED ENTRY ELEMENTS (KOHA)
Koha item type Book
Source of classification or shelving scheme
Holdings
Withdrawn status Lost status Source of classification or shelving scheme Damaged status Not for loan Permanent Location Current Location Shelving location Date acquired Full call number Barcode Date last seen Price effective from Koha item type
          School of Mechanical & Manufacturing Engineering (SMME) School of Mechanical & Manufacturing Engineering (SMME) General Stacks 05/12/2016 621.816 RAN SMME-2880 04/05/2018 05/12/2016 Book
© 2023 Central Library, National University of Sciences and Technology. All Rights Reserved.